Genetics

Uloženo v:
Podrobná bibliografie
Hlavní autor: Zubay, Geoffrey L
Médium: Kniha
Jazyk:angličtina
Vydáno: Menlo Park Benjamín Cummings 1987
Témata:
Tagy: Přidat tag
Žádné tagy, Buďte první, kdo vytvoří štítek k tomuto záznamu!

MARC

LEADER 00000cam a2200000 a 4500
001 UCW0419
003 CL-VaPUC
005 20210424001410.0
008 890330e19870000US |||||||||||||||||eng|d
999 |c 215589  |d 215587 
020 |a 08053091003 
040 |c Pontificia Universidad Católica de Valparaíso 
082 0 4 |a 575.1 ZUB 1987  |2 21 
100 0 |a Zubay, Geoffrey L  |9 304333 
245 1 0 |a Genetics 
260 |a Menlo Park  |b Benjamín Cummings  |c 1987 
300 |a 1039 páginas 
583 |a last modification  |c 20170417 01:13:33  |k Rodrigo Vera 
650 0 |a Genética  |9 259443 
942 |c BK  |2 ddc 
945 |d 19890330 00:00:00 
952 |0 0  |1 0  |2 ddc  |4 0  |6 575_100000000000000_ZUB_1987  |7 0  |8 A  |9 199974  |a BIBCUR  |b BIBCUR  |d 2019-11-14  |i 2672812  |o 575.1 ZUB 1987  |p 2672812  |r 2025-04-22  |t 1  |w 2019-11-14  |y BK  |k BIO 
952 |0 0  |1 0  |2 ddc  |3 erd  |4 0  |6 575_100000000000000_ZUB_1987  |7 0  |8 A  |9 199975  |a BIBCUR  |b BIBCUR  |i 5388430  |l 1  |o 575.1 ZUB 1987  |p 5388430  |r 2025-04-22  |s 2025-04-10  |t 2  |w 2019-11-14  |y BK  |z Catalogado en:20170422  |k BIO